Библиотеки Республики Карелия и федеральные выборы 2007-2008 гг. (Запись № 1244529)

Подробности
000 -МАРКЕР
контрольное поле 02002nam0a2200313 4500
001 - ИДЕНТИФИКАТОР ЗАПИСИ
контрольное поле RU\NLR\bibl\1412705
005 - ИДЕНТИФИКАТОР ВЕРСИИ
контрольное поле 20260407205052.0
021 ## - НОМЕР ГОСУДАРСТВЕННОЙ РЕГИСТРАЦИИ
Код страны Российская Федерация
Номер 2009-82427
Номер Листа государственной регистраци 5174
035 ## - ДРУГИЕ СИСТЕМНЫЕ НОМЕРА
Идентификатор записи (NLR Aleph) 001404684
100 ## - ДАННЫЕ ОБЩЕЙ ОБРАБОТКИ
Данные общей обработки 20090915d2008 |||y0rusy50 ca
101 0# - ЯЗЫК РЕСУРСА
Язык текста, звукозаписи и т.д. русский
102 ## - СТРАНА ПУБЛИКАЦИИ ИЛИ ПРОИЗВОДСТВА
Страна публикации Российская Федерация
105 ## - ПОЛЕ КОДИРОВАННЫХ ДАННЫХ: ТЕКСТОВЫЕ МАТЕРИАЛЫ, МОНОГРАФИЧЕСКИЕ
Кодированные данные о монографическом текстовом документе a |||||||||
200 1# - ЗАГЛАВИЕ И СВЕДЕНИЯ ОБ ОТВЕТСТВЕННОСТИ
Основное заглавие Библиотеки Республики Карелия и федеральные выборы 2007-2008 гг.
Сведения, относящиеся к заглавию [официальные материалы ЦИК РК и ТИК N 1 г. Петрозаводска и конкурсные материалы участников конкурсов библиотечных проектов "Выборы - основа демократии" и "Молодежь выбирает будущее"
Первые сведения об ответственности сост.: В.А. Левкин, В.П. Лапичкова
Последующие сведения об ответственности отв. ред.: В.А. Левкин]
210 ## - ПУБЛИКАЦИЯ, РАСПРОСТРАНЕНИЕ И ДР.
Место издания, распространения и т.д. Петрозаводск
Имя издателя, распространителя и т. д. Карелия
Дата издания, распространения и т.д. 2008
215 ## - ФИЗИЧЕСКАЯ ХАРАКТЕРИСТИКА
Специфическое обозначение материала и объем 95, [1] с., [4] л. цв. ил.
Размеры 21
606 1# - НАИМЕНОВАНИЕ ТЕМЫ КАК ПРЕДМЕТ
Наименование темы Библиотеки
Тематический подзаголовок Пропаганда литературы по вопросам избирательных компаний
Географический подзаголовок Карелия, Республика
Системный номер авторитетной/нормативной записи 2567628
Идентификатор авторитетной/нормативной записи RU\NLR\auth\661518512
686 ## - ИНДЕКСЫ ДРУГИХ КЛАССИФИКАЦИЙ
Индекс Ч735.113.37
702 #1 - ИМЯ ЛИЦА - ВТОРИЧНАЯ ОТВЕТСТВЕННОСТЬ
Начальный элемент ввода Левкин
Часть имени, кроме начального элемента ввода В. А.
Код отношения Составитель
711 12 - НАИМЕНОВАНИЕ ОРГАНИЗАЦИИ - АЛЬТЕРНАТИВНАЯ ОТВЕТСТВЕННОСТЬ
Код отношения Автор
Начальный элемент ввода "Выборы - основа демократии", республиканский конкурс
Дата проведения временной организации 2007
Место проведения временной организации Республика Карелия
Идентификатор авторитетной/нормативной записи RU\NLR\AUTH\8810137267
Системный номер авторитетной/нормативной записи 770052
711 12 - НАИМЕНОВАНИЕ ОРГАНИЗАЦИИ - АЛЬТЕРНАТИВНАЯ ОТВЕТСТВЕННОСТЬ
Код отношения Автор
Начальный элемент ввода "Молодежь выбирает будущее", городской конкурс библиотек
Дата проведения временной организации 2008
Место проведения временной организации Петрозаводск
Идентификатор авторитетной/нормативной записи RU\NLR\AUTH\8810137268
Системный номер авторитетной/нормативной записи 770053
712 02 - НАИМЕНОВАНИЕ ОРГАНИЗАЦИИ - ВТОРИЧНАЯ ОТВЕТСТВЕННОСТЬ
Код отношения Прочие
Начальный элемент ввода Библиотечная ассоциация Республики Карелия
Идентификатор авторитетной/нормативной записи RU\NLR\AUTH\8810053008
Системный номер авторитетной/нормативной записи 606434
801 #0 - ИСТОЧНИК ЗАПИСИ
Страна Российская Федерация
Организация NLR
Дата составления 20090915
Правила каталогизации RCR
801 #1 - ИСТОЧНИК ЗАПИСИ
Страна Российская Федерация
Организация NLR
Дата составления 20090915
942 ## - ДОПОЛНИТЕЛЬНЫЕ ЭЛЕМЕНТЫ ЗАПИСИ (АБИС)
Тип экземпляра АБИС Книга
980 ## - КОЛЛЕКЦИЯ
Название коллекции Национальная библиография
Экземпляры
Тип экземпляра Дата поступления Источник поступления Библиотека постоянного хранения Библиотека текущего хранения Место хранения Шифр хранения Штрих-код Статус экземпляра
Книга 07.12.2009 Обязательный экземпляр РНБ (Московский) РНБ (Московский) Обменный фонд   3059013  
Книга 15.09.2009 Дар РНБ (Садовая) РНБ (Садовая) Фонд литературы по библиотековедению Б 8230/Б-59 2994423  
Книга 07.12.2009 Обязательный экземпляр РНБ (Садовая) РНБ (Садовая) Фонд литературы по библиотековедению Б 8230/Б-59 3059011